Score 0/6 Timer 05:00
0 Plays Today
Answer % Correct
Jeff the killer
99.7%
BEN Drowned
99.2%
Slenderman
99.2%
Smile dog
99.2%
Sally
99.2%
Zalgo
99.1%
Remove Ads.
Support Sporcle.
Get the best of Sporcle when you Go Orange. This ad-free experience offers more features, more stats, and more fun while also helping to support Sporcle. Thank you for becoming a member.

You're not logged in!

Compare scores with friends on all Sporcle quizzes.
OR
Log In

Show Comments

Extras

Created Oct 18, 2013ReportNominate
Tags:Clickable Quiz, phrase

Top Quizzes Today


Score Distribution

Your Account Isn't Verified!

In order to create a playlist on Sporcle, you need to verify the email address you used during registration. Go to your Sporcle Settings to finish the process.

Report this User

Report this user for behavior that violates our Community Guidelines.

Details: